| 000 | 00600nam a2200181 a 4500 | ||
|---|---|---|---|
| 001 | 000004513 | ||
| 005 | 20200929151442.0 | ||
| 008 | 090723s2000 dr a r 001 0 spa d | ||
| 040 |
_aDO-SdBNP _bspa _cBNPHU |
||
| 082 |
_axxx _bC965f |
||
| 100 | 1 |
_aCuello, Rafael _913190 |
|
| 245 | 1 | 3 |
_aEl fin del mundo, sus consecuencias y sus influencias : _bel milenarismo / _cRafael Cuello. |
| 260 |
_aSanto Domingo : _bSusaeta, _c2000. |
||
| 300 |
_a106 p. : _bil. ; _c21 cm. |
||
| 500 | _aIncluye índice | ||
| 500 | _aIncluye notas al pie de páginas | ||
| 504 | _aIncluye referencias bibliográficas (p. 105-106) | ||
| 999 |
_c4322 _d4322 |
||